Growth through participation quality circle way (Record no. 406313)

000 -LEADER
fixed length control field 00360cam a22001337a 4500
008 - FIXED-LENGTH DATA ELEMENTS--GENERAL INFORMATION
fixed length control field 180718b2006 xxu||||| |||| 00| 0 eng d
020 ## - INTERNATIONAL STANDARD BOOK NUMBER
International Standard Book Number 8182051770
082 ## - DEWEY DECIMAL CLASSIFICATION NUMBER
Classification number T251 L837
100 ## - MAIN ENTRY--PERSONAL NAME
Personal name Lomash, S.
245 ## - TITLE STATEMENT
Title Growth through participation quality circle way
Statement of responsibility, etc. by S. Lomash
260 ## - PUBLICATION, DISTRIBUTION, ETC.
Place of publication, distribution, etc. Delhi
Name of publisher, distributor, etc. Isha Books
Date of publication, distribution, etc. 2006
300 ## - PHYSICAL DESCRIPTION
Extent 278p.
650 ## - SUBJECT ADDED ENTRY--TOPICAL TERM
Topical term or geographic name entry element Quality Cricle
Holdings
Withdrawn status Lost status Damaged status Not for loan Permanent Location Current Location Date acquired Full call number Barcode Date last seen Price effective from Koha item type
        Indian Institute of Public Administration Indian Institute of Public Administration 2006-12-29 T251 L837 81601 2018-07-21 2018-07-21 Book

Powered by Koha